Movies Quiz

Random Movies or Letter Quiz

Movies: Stray Letters Quiz Stats

 Plays Quiz Updated Sep 20, 2015

Challenge
Share
Tweet
Embed
Score 0/30 Timer 05:00
9 Plays Today
% Correct
N
95.5%
Y
95.4%
W
94.3%
G
92.6%
T
91.2%
C
90.5%
T
90.4%
F
90%
U
89%
J
88.6%
S
88.3%
R
86.7%
R
86.6%
A
85.2%
I
84.6%
% Correct
L
84.2%
I
83.6%
S
83.6%
K
81.2%
H
79.8%
P
77.5%
A
77.3%
E
73.8%
L
72.1%
E
69.6%
K
67.9%
E
67.4%
R
66.5%
M
65.7%
B
51.6%

You're not logged in!

Compare scores with friends on all Sporcle quizzes.
OR
Log In

You Might Also Like...

Show Comments

Extras

Top Quizzes Today


Score Distribution

Your Account Isn't Verified!

In order to create a playlist on Sporcle, you need to verify the email address you used during registration. Go to your Sporcle Settings to finish the process.

Report this User

Report this user for behavior that violates our Community Guidelines.

Details: